#5 Arvaa henkilö, joka on vedetty AI:n läpi - Statistics

Yleistilastot
  • Tätä visaa on pelattu 24 kertaa
  • Keskiarvotulos 4 / 16
Vastaustilastot
Kuvavisa Vastaus % Oikein
Eminem
82%
Rihanna
77%
Bruno Mars
73%
Gettomasa
50%
Ismo Alanko
36%
Alice Cooper
32%
P!nk
27%
Gwen Stefani
14%
Aki SIrkesalo
9%
Anthony Kiedis
5%
Brendon Urie
5%
Gotye
5%
Joan Jett
5%
Lakemies
5%
Stella
5%
Zacky Vengeance
5%
Ehtoja vastaavia visoja ei löytynyt
Tulosjakauma
Jokaisen tuloksen saaneiden osuus
Persentiili vastausten määrän mukaan
Tuloshistoriasi
Et ole pelannut tätä visaa